Chalo Delhi : (Record no. 136475)

MARC details
000 -LEADER
fixed length control field 00957nam a2200277 4500
003 - CONTROL NUMBER IDENTIFIER
control field dpl
005 - DATE AND TIME OF LATEST TRANSACTION
control field 20180818131811.0
008 - FIXED-LENGTH DATA ELEMENTS--GENERAL INFORMATION
fixed length control field 180818b xxu||||| |||| 00| 0 eng d
010 ## - LIBRARY OF CONGRESS CONTROL NUMBER
LC control number B-228063
020 ## - INTERNATIONAL STANDARD BOOK NUMBER
International Standard Book Number 9788178241791
035 ## - SYSTEM CONTROL NUMBER
System control number B-228063, B-228067
037 ## - SOURCE OF ACQUISITION
Source of stock number/acquisition Cen Lib / Ret
040 ## - CATALOGING SOURCE
Original cataloging agency DPL
Language of cataloging EN
Transcribing agency 0
082 ## - DEWEY DECIMAL CLASSIFICATION NUMBER
Classification number 080
Item number BOS
100 ## - MAIN ENTRY--PERSONAL NAME
Personal name Bose, Subhas Chandra
245 ## - TITLE STATEMENT
Title Chalo Delhi :
Remainder of title writings and speeches 1943-1945 /
Statement of responsibility, etc by Subhas Chandra Bose ; edited by Sisir K. Bose [and] Sugata Bose /
260 ## - PUBLICATION, DISTRIBUTION, ETC. (IMPRINT)
Place of publication, distribution, etc Delhi
Name of publisher, distributor, etc Permanent Black
Date of publication, distribution, etc 2007
270 ## - ADDRESS
Address 38/2 Lala Lajpat Rai Road
City Calcutta
Postal code 700020
300 ## - PHYSICAL DESCRIPTION
Extent v 12. 450
Other physical details 24cm(Hb)
650 ## - SUBJECT ADDED ENTRY--TOPICAL TERM
Topical term or geographic name as entry element Bose, Subhas Chandra, -- 1897-1945 -- Correspondence.
650 ## - SUBJECT ADDED ENTRY--TOPICAL TERM
Topical term or geographic name as entry element Bose, Subhas Chandra, -- 1897-1945 -- Oratory.
650 ## - SUBJECT ADDED ENTRY--TOPICAL TERM
Topical term or geographic name as entry element India -- Politics and government -- 1919-1947.
700 ## - ADDED ENTRY--PERSONAL NAME
Personal name Bose, Sisir K.
700 ## - ADDED ENTRY--PERSONAL NAME
Personal name Bose, Sugata
942 ## - ADDED ENTRY ELEMENTS (KOHA)
Source of classification or shelving scheme Dewey Decimal Classification
Koha item type English Books
Classification part 080
Call number suffix BOS
Holdings
Withdrawn status Lost status Materials specified (bound volume or other part) Damaged status Not for loan Home library Current library Date acquired Source of acquisition Total Checkouts Total Renewals Full call number Barcode Date last seen Date checked out Price effective from Koha item type Source of classification or shelving scheme Collection code Cost, normal purchase price Cost, replacement price
    v 12     Central Library Central Library 03/03/2016 Cen Lib/Ret 2 3 080 BOS B-228063 14/08/2024 25/07/2024 03/03/2016 English Books        
          Shahdara Branch Shahdara Branch 18/08/2018 BPPD/PUB 1   080 BOS B-228067 02/05/2026 21/04/2026 18/08/2018 English Books Dewey Decimal Classification Non-fiction 495.00 495.00

© Delhi Public Library
Hit Counter
free hit counter